• 首页
  • 本馆介绍
  • 公告通知
  • 最新文献
  • 馆藏检索
  • 电子资源
  • 读者导购
  • 参考咨询
  • 我的图书馆
  • 登录
  • 详细信息显示
  • 放入我的书架
  • 预约/预借图书
  • 作者相关作品
  • 分类相关作品
  • 丛书相关作品
  • 出版社相关作品

书目信息

  • 表格格式
  • 工作单格式
  • 卡片格式
题名:
电影通史
    
 
作者: 萨杜尔 著 ;唐祖培 译
分册: 第二卷   电影的先驱者
出版信息: 北京   中国电影出版社  1982.12
页数: 549页
开本: 20cm
丛书名:
单 册:
中图分类: J99
科图分类:
主题词: 电影事业
电子资源:
ISBN:
000 00621nam0 2200217 45
001 0312221749
005 20060817103946.87
010    @b精装@dCNY4.00
100    @a20031222d1982 km y0chiy0120 ea
101    @achi
200 1  @a电影通史@h第二卷@i电影的先驱者@e1897-1909@ADian Ying Tong Shi@f(法)萨杜尔著@F(Fa)Sa Du Er Zhu@g唐祖培译
210    @a北京@c中国电影出版社@d1982.12
215    @a549页@d20cm
517    @a1897-1909
517    @a电影的先驱者@ADian Ying De Xian Qu Zhe
606 0  @a电影事业
690    @aJ99@v3
701 0  @a萨杜尔@4著
702 0  @a唐祖培@4译
801    @aCN@bTSTCL@c20060817
905    @dJ99@e34:2
    
    电影通史.第二卷.电影的先驱者:1897-1909/(法)萨杜尔著/唐祖培译.-北京:中国电影出版社,1982.12
    549页;20cm
    
    
    ISBN (精装):CNY4.00
    
●
相关链接 在E读中查询图书 在五车中查询图书 在当当中查询图书 在豆瓣中查询图书


正题名:电影通史     索取号:J99/34:2         预约/预借

序号 登录号 条形码 馆藏地/架位号 状态 备注
1 0209114   001218060   第一借阅区/ [索取号:J99/34:2] 在馆    
2 0209115   001218088   第一借阅区/ [索取号:J99/34:2] 在馆    
3 0209116   001218079   第一样本阅览室/ [索取号:J99/34:2] 在馆    
4 0466198   204661981   密集书库/ [索取号:J99/34:2] 在馆    
5 0466199   204661990   密集书库/ [索取号:J99/34:2] 在馆    
唐山师范学院图书馆 欢迎您!
大连网信软件有限公司© 版权所有